000 03804nam a2200337 a 4500
003 OSt
005 20250220091728.0
007 cr ||||||a|c|a
008 250121s2020 mx a|||fom||| 001 0 spa d
040 _erda
100 0 _aVite Cristóbal, Claudio
_9120034
245 1 _aCaracterización agronómica de leucaena leucocephala (Lam.) de Wit de distintas procedencias agroclimáticas de Mexico /
_cpor Claudio Vite Cristóbal; director de tesis Pedro Arturo Martínez Hernández; asesores externos Enrique Cortés Díaz y Ponciano Pérez Hernández; lector externo José Manuel Palma García.
264 1 _aChapingo, México :
_bEl autor,
_c2020.
300 _a1 recurso en línea (106 páginas):
_bcuadros, figuras.
336 _2rdacontent
_atexto
_btxt
337 _2rdamedia
_acomputadora
_bc
338 _2rdacarrier
_arecurso en línea
_bcr
502 _bDCIG
_cZootecnía
_d2020.
_gDOC
504 _aIncluye referencias bibliográficas: páginas 5-7,25-34,46-47,64,88-92.
520 _aLeucaena leucocephala (Leucaena) es una planta arbustiva, leguminosa y forrajera nativa de México distribuida en diferentes regiones agroclimáticas de este país, por lo que conviene analizar el estado del conocimiento en esta especie y caracterizar sus atributos agronómicos al variar la región agroclimatológica de procedencia; lo cual fue motivo de estudio de esta disertación doctoral. A partir del análisis de artículos científicos sobre los atributos agronómicos, ambientales y forrajeros se generó un banco de información que justifica la incorporación de esta especie en sistemas silovpastoriles tropicales encaminados a lograr la sostenibilidad ambiental y económica de empresas ganaderas, resaltando que existen oportunidades de investigación para superar limitantes agronómicas y nutricionales de la Leucanea. El estudio de la caracterización del fruto y la semilla mediante estadística multivariada determinó la relación de dependencia entre las características morfológicas de estas a partir de una colecta de 149 accesiones de diferentes regiones agroclimáticas de México, resaltando la importancia del recurso nativo mexicano para emprender programas de mejoramiento de Leucaena con fines comerciales. En plantación se determinaron modelos matemáticos que describen la dinámica del área foliar del cultivo para definir criterios de cosecha, permitiendo el desarrollo de herramientas prácticas que ayudan a la toma de decisiones en la cosecha del forraje. En campo se caracterizaron individuos de diferente origen agroclimatológico con base al rendimiento de biomasa comestible, atributos morfo-fisiológicos y calidad del forraje, sugiriendo opciones de germoplasma útiles en programas de selección de Leucaena para mejorar el rendimiento y la calidad del forraje comestible de empresas ganaderas en ambientes tropicales. En esta disertación doctoral se presenta una caracterización agronómica de gemoplasma nativo mexicano de Leucaena, generando información que permite diferenciar cualidades y limitaciones agronómicas entre individuos de diferente origen agroclimatológico.
650 7 _aLeucaena leucocephala
_xValor nutritivo
_9188695
650 4 _aLeucaena leucocephala
_xComo forraje
_9125888
650 4 _aLeucaena leucocephala
_xFisiología y morfología
_9189846
650 7 _aPlantas forrajeras
_xTrópicos
_988989
700 1 _aMartínez Hernández, Pedro Arturo
_eDirector de tesis.
_972165
700 1 _aCortés Díaz, Enrique
_928347
_eAsesor externo.
700 1 _aPérez Hernández, Ponciano
_989747
_eAsesor externo.
700 1 _aPalma García, José Manuel
_9189851
856 _uhttp://10.13.5.2/tesis/td/2020_ZO_Vite_Cristobal_Claudio.pdf
_zDESCARGAR PDF
942 _2Clasificación Universidad Autónoma Chapingo
_cTD
999 _c220350
_d220350